Die Revision im Strafprozeb: Bedeutung für die Praxis der Tatsacheninstanz

Spremljeno u:
Bibliografski detalji
Glavni autor: Dahs, Hans (Autor)
Format: Knjiga
Jezik:njemački
Izdano: Múnich C. H. Beck'sche 1972
Serija:Schriftenreihe der Neuen Juristischen Wochenschrift
Teme:
Oznake: Dodaj oznaku
Bez oznaka, Budi prvi tko označuje ovaj zapis!

MARC

LEADER 00000nam a2200000 a 4500
001 UCS0106
003 CL-VaPUC
008 970418e19720000GW |||||||||||||||||ger|d
082 0 4 |a 345.05  |b DAH  |2 21 
100 0 |a Dahs, Hans  |e author  |9 383205 
245 1 4 |a Die Revision im Strafprozeb: Bedeutung für die Praxis der Tatsacheninstanz 
300 |a 222 p 
942 |c BK 
945 |d 19970418 00:00:00  |a cmena 
260 |a Múnich  |b C. H. Beck'sche  |c 1972 
650 7 |a DERECHO PENAL  |2 CL-VaPUC  |9 11 
650 0 |a Delitos  |9 224143 
650 0 |a Penas   |9 255927 
650 0 |a Aplicación de la pena  |9 336797 
650 7 |a DELINCUENTES  |2 CL-VaPUC  |9 315465 
650 0 |a Responsabilidad penal  |9 254899 
650 0 |a Procedimiento penal  |9 254974 
651 0 |a Alemania  |9 255688 
583 |a last modification  |c 19970418 00:00:00  |k Rodrigo Vera 
490 0 |a Schriftenreihe der Neuen Juristischen Wochenschrift 
999 |c 258356  |d 258354 
952 |0 0  |1 0  |4 0  |6 345_050000000000000_DAH_1972  |7 0  |8 A  |9 282389  |a BIBDER  |b BIBDER  |d 2019-11-19  |i 1827847  |o 345.05 DAH 1972  |p 1827847  |r 2019-11-19  |w 2019-11-19  |y BK  |k DER